Orte: Hauptstädte mit genau drei a - Statistiken

Allgemein
  • Dieses Quiz wurde 145 mal gespielt
    49 seit der letzten Aktualisierung
  • Das Durchschnittsergebnis liegt bei 6 aus 19
Antwortstatistiken
Hauptstadt % Korrekt
Ankara
62%
Caracas
56%
Addis Abeba
41%
Aşgabat
36%
Astana
36%
Havanna
36%
Jakarta
36%
Islamabad
33%
Manama
33%
Sanaa
33%
Asmara
26%
Bratislava
26%
Vatikanstadt
26%
Managua
23%
Kampala
21%
Paramaribo
21%
San Salvador
13%
Ciudad de la Paz
8%
South Tarawa
8%
Keine übereinstimmenden Quizze gefunden
Verteilung der Resultate
Anzahl Personen mit jedem Resultat
Perzentil nach korrekt beantworteten Fragen
Ihre Resultats-Entwicklung
Sie haben dieses Quiz seit der letzten Aktualisierung nicht gespielt